Central Library OPAC University of Rajshahi

দক্ষিণবঙ্গের লোকসমাজে মন্ত্র / (Record no. 55879)

MARC details
000 -LEADER
fixed length control field 00769nam a2200217 a 4500
001 - CONTROL NUMBER
control field 55879
003 - CONTROL NUMBER IDENTIFIER
rucl marc code BD-RjUL
005 - DATE AND TIME OF LATEST TRANSACTION
control field 20211209080327.0
008 - FIXED-LENGTH DATA ELEMENTS--GENERAL INFORMATION
fixed length control field 161122s2000 ii ||||| |||| 00| 0 ben d
035 ## - SYSTEM CONTROL NUMBER
System control number (BD-RjUL) 56003
040 ## - CATALOGING SOURCE
Original cataloging agency BD-RjUL
Language of cataloging ben
Transcribing agency BD-RjUL
041 ## - LANGUAGE CODE
Language code of text/sound track or separate title ben
082 ## - DEWEY DECIMAL CLASSIFICATION NUMBER
Edition number 23
Classification number 398
Author mark and year MID 2000
100 ## - MAIN ENTRY--PERSONAL NAME
Personal name মিস্ত্রী, সুভাষ
9 (RLIN) 166366
245 10 - TITLE STATEMENT
Title দক্ষিণবঙ্গের লোকসমাজে মন্ত্র /
Statement of responsibility, etc. সুভাষ মিস্ত্রী
260 ## - PUBLICATION, DISTRIBUTION, ETC. (IMPRINT)
Place of publication, distribution, etc. কলিকাতা :
Name of publisher, distributor, etc. পুস্তক বিপণি,
Date of publication, distribution, etc. ২০০০
300 ## - PHYSICAL DESCRIPTION
Pagination ২২৮ পৃ. ;
Size ২১ সেমি .
650 ## - SUBJECT ADDED ENTRY--TOPICAL TERM
Topical term or geographic name as entry element ফোকলোর
9 (RLIN) 166367
Topical term or geographic name as entry element Folklore
9 (RLIN) 166368
942 ## - ADDED ENTRY ELEMENTS (KOHA)
Source of classification or shelving scheme Dewey Decimal Classification
Koha item type Books
Holdings
Lost status Source of classification or shelving scheme Damaged status Not for loan Collection code Permanent Location Current Location Shelving location Date acquired Source of acquisition Cost, normal purchase price Total Checkouts Full call number Date last seen Copy number Koha item type
  Dewey Decimal Classification     Non-fiction Central Library, University of Rajshahi Central Library, University of Rajshahi   12/07/2006 Paragon Enterprises Dhaka 100.00   B 398 MID 2000 22/11/2016 C-2 Books
  Dewey Decimal Classification   Not For Loan Non-fiction Central Library, University of Rajshahi Central Library, University of Rajshahi Reading Room 12/07/2006 Paragon Enterprises Dhaka 100.00   B 398 MID 2000 28/01/2017 C-1 Books